Statistiques concernant Les 20 villes les moins ensoleillées de France

Cliquez ici pour prendre le quiz!

Statistiques générales

  • Ce quiz a été pris 333 fois
  • Le résultat moyen est 9 sur 20

Statistiques - réponses

Position h de soleil/an Answer % Correct
51617.5Lille
92%
81661.6Paris
84%
21529.8Brest
81%
171692.7Strasbourg
74%
191717.1Rennes
70%
31557.5Rouen
68%
161691.2Caen
62%
91664.9Nancy
62%
11515.9Charleville-Mézières
61%
61640.4Metz
58%
131683.8Quimper
47%
41564.6Saint-Brieuc
26%
111669.4Beauvais
24%
141684.4Evreux
18%
151689.5Alençon
12%
71659.9Saint Quentin
12%
181702.8Langres
5%
101666.6Dinard
4%
121679.7Abbeville
4%
201726.9Saint-Dizier
2%

Distribution des résultats

Percentile by Number Answered

% des personnes avec chaque résultat

Votre développement - résultats

Vous n’avez pas pris ce quiz